| 000 | 00582nam a2200241 a 4500 | ||
|---|---|---|---|
| 001 | 0001-1304 | ||
| 003 | ELIB.Books | ||
| 008 | 150708 2010 eng | ||
| 020 | _a0829807586 | ||
| 035 | _a(ELIB.Books)0001-1459 | ||
| 092 |
_a251 _bBay |
||
| 100 | _aBayler, Lavon. | ||
| 245 | _aWhispers of God | ||
| 260 |
_aNew York _bThe Pilgrim Press _c1988 |
||
| 300 |
_a261 _c21 Cm |
||
| 500 | _aC/o Par Sar | ||
| 650 | _aPreaching | ||
| 856 |
_nKBTS: Library _uKBTS: Elib |
||
| 942 |
_2ddc _cBK |
||
| 990 | _a1 | ||
| 998 |
_cbat _e2015-07-08 |
||
| 999 |
_c11304 _d11304 |
||